000
00300nam a22001217a 4500
020
_a
NA
082
_2
22
_a
338.5
100
_a
Waud Roger N.
245
_a
Micro economics /
260
_a
Harper and Row Publishers,
_b
Harper and Row Publishers,
_c
c1986
300
_a
447 p, ;
_b
NA
_c
24cm
942
_2
ddc
_c
GEN
999
_c
1725
_d
1725